01937nam a2200241Ia 4500008004100000040001800041041000800059100003400067242021200101245020600313246020800519260007000727300003000797500026100827500005101088504002301139506002201162520025801184650007801442650001801520650007301538650008401611130821s xx a grdd spa  aCo-BoUCMbspa0 alat1 aBrisson, Barnabéd1531-159100aSignificado, en 19 libros, de las palabras relacionadas con el derecho civil. Editados a partir de los compendios de Johannes Otto Tabor y completados con nuevas entradascpor Jaohannes Christian Itteryspa10aDe verborum quae ad ius civile pertinente significatione libri XIX ex analectis Jo. Ottonis Taboris ... editi plurimisque novis accessionibus locupletati a Jo. Christiano Ittero ...cBarnabas Brisonius13a[Significado, en 19 libros, de las palabras relacionadas con el derecho civil. Editados a partir de los compendios de Johannes Otto Tabor y completados con nuevas entradas por Jaohannes Christian Itter] a[Lugar desconocido]b[Editorial desconocida]c[fecha desconocida] a531 foliosbilustraciones aDetalles físicos: Sin encuadernación original, actualmente, encuadernación rígida en cartón forrado en papel jaspeado, con piel el lomo y en las esquinas, marcado con dorado en el lomo. Ejemplar mútilo, faltantes de sus primeras hojas incluida aTítulo confirmado con el inventario de 1800. aIncluye índices. aConsulta en sala. aV.1: Vocabulario alfabético de términos (palabras y expresiones) jurídicas, utilizadas principalmente en el Derecho Civil. Es también un "diccionario de autoridades", pues respalda con referencias de juristas famosos y sus obras, el uso y sign aDerecho canónicovDiccionarios y enciclopediasxObras anteriores a 1800 aDerecho civil aDerecho civilvDiccionarios y enciclopediasxObras anteriores a 1800 aDerecho civilxConceptosvDiccionarios y enciclopediasxObras anteriores a 1800